| 000 | 00820nam a2200217 i 4500 | ||
|---|---|---|---|
| 001 | 112771 | ||
| 003 | ES-MaACL | ||
| 005 | 20251126101524.0 | ||
| 008 | 061121s1934 sp |||| | spa d | ||
| 100 | 1 |
_aNóvoa Santos, Roberto, _d1885-1933 _986096 |
|
| 245 | 1 | 0 |
_aPatología postural _b: fisiología patológica y clínica de los complejos ortogenéticos / _cpor el Prof. Roberto Nóvoa Santos. |
| 260 |
_aMadrid : _bEspasa-Calpe, _c1934. |
||
| 300 |
_a196 p. ; _c21 cm. |
||
| 530 | _aDisponible en formato digital. | ||
| 650 | 4 |
_aTrastornos posturales. _9170878 |
|
| 650 | 4 |
_aAparato locomotor- _xEnfermedades. _9146939 |
|
| 852 |
_aES-MaACL _jE-466 _cDEPO2 |
||
| 856 | 4 |
_uhttp://bdh-rd.bne.es/viewer.vm?id=0000253946&page=1 _y(Biblioteca Digital Hispánica) |
|
| 942 | _2udc | ||
| 999 |
_c112771 _d112771 |
||